Shopping Joints in Singapore - Statistics

General Stats
  • This quiz has been taken 258 times
  • The average score is 12 of 34
Answer Stats
Clue Answer % Correct
Fountain of Wealth Suntec City
73%
Filipino hub Lucky Plaza
71%
Ice skating rink in the west JCube
70%
Takashimaya Department Store Ngee Ann City
64%
The largest mall in Singapore VivoCity
61%
Outlet stores in the west IMM
55%
Somerset MRT-linked 313@Somerset
51%
Jewellery Street ION Orchard
50%
IT and electronic goods scam Sim Lim Square
50%
Upmarket IT and electronic goods Funan DigitaLife Mall
47%
Thai hub Golden Mile
47%
Swissotel and Fairmont Hotel Raffles City
43%
BHG Department Store Bugis Junction
38%
Football and sports apparel Queensway
32%
Outlet stores in the east Changi City Point
31%
Iluma no more Bugis Plus
30%
Military and camping equipment Beach Road
29%
High fashion label stores Paragon
29%
First eco-friendly mall City Square Mall
28%
Ice skating rink in the east Leisure Park Kallang
28%
First sports-themed mall Velocity@Novena Square
28%
Borders used to be here Wheelock Place
27%
Local version of Chatuchak Market Bugis Street
25%
1Market Restaurant Plaza Singapura
21%
Robinsons Department Store Centrepoint
20%
24 hours, 7 days a week Mustafa Centre
20%
First FairPrice Xtra hypermart AMK Hub
19%
First Svolme store Orchard Central
18%
First underground mall CityLink Mall
17%
One and only HMV store Marina Square
15%
Isetan Department Store Shaw House
10%
First FairPrice Finest supermarket Bukit Timah Plaza
8%
Flea market for secondhand goods Sungei Road
6%
Children's Day shopping The Verge
3%
No matching quizzes found
Score Distribution
Percent of People with Each Score
Percentile by Number Answered
Your Score History
You have not taken this quiz